000 00866nam a2200265Ia 4500
003 OSt
005 20220927103627.0
006 a|||||r|||| 00| 0
007 ta
008 220926b |||||||| |||| 00| 0 eng d
024 _a92256
037 _cReference Collections
040 _aRTL
_cRTL
_beng
041 _2eng
_aeng
082 _a"X9(D32).6.N7, L1"
110 _aWorkshop on clay building materials industries in Africa
_9360711
245 0 _aReport
260 _aNew
_bYork United Nations U. S. A.
_c1971
300 _a"v, 24p."
_ccm.
500 _a"United Nations Industrial Development Organization, publication"
650 _aHousing Industry
_9360712
700 _aWorkshop on clay building materials industries in Africa
_9360713
942 _h"X9(D32).6.N7, L1"
_cCC
999 _c684396
_d684396